El pueblo rumano en la historia y la cultura

محفوظ في:
التفاصيل البيبلوغرافية
المؤلف الرئيسي: Hernán Ramírez, Luis
التنسيق: كتاب
اللغة:Undetermined
منشور في: [Rumania] Ediciones Lima [s.f.]
الموضوعات:
الوسوم: إضافة وسم
لا توجد وسوم, كن أول من يضع وسما على هذه التسجيلة!

MARC

LEADER 00000nam a2200000Ia 4500
008 170316s9999 xx 000 0 und d
040 |a cru BVZT 
090 |a 859 H-2p 
100 |a Hernán Ramírez, Luis 
245 |a El pueblo rumano en la historia y la cultura 
260 |a [Rumania] 
260 |b Ediciones Lima 
260 |c [s.f.] 
300 |a 137 páginas 
650 |a LITERATURA RUMANA 
999 |c 8259  |d 8259 
942 |c 15 D  |h 859 H-2p  |2 z